Matches de l'équipe d'Angleterre de rugby à XV (2020 - …). - Statistiques

Statistiques générales
  • Ce quiz a été pris 344 fois
    84 depuis la dernière actualisation
  • Le résultat moyen est 15 sur 17
Statistiques - réponses
Adversaires % Correct
8 France
100%
6 Argentine
99%
6 Australie
99%
7 Écosse
99%
9 Irlande
99%
5 Nouvelle-Zélande
99%
10 Pays de Galles
99%
4 Afrique du Sud
97%
7 Italie
97%
4 Fidji
94%
1 Samoa
88%
1 Tonga
87%
4 Japon
86%
1 Géorgie
79%
2 États-Unis
77%
1 Canada
74%
1 Chili
71%
Aucun quiz correspondant
Distribution des résultats
% des personnes avec chaque résultat
Percentile par nombre de réponses
Votre historique - résultats
Vous n’avez pas pris ce quiz depuis la dernière actualisation